Technologie sacharidů

Salvato in:
Dettagli Bibliografici
Natura: Libro
Lingua:ceco
Pubblicazione: Praha Vydavatelství VŠCHT v Praze 2000
Soggetti:
Accesso online:Visualizza in OPAC
Tags: Aggiungi Tag
Nessun Tag, puoi essere il primo ad aggiungerne!!

MARC

LEADER 00000nam a2200000 a 4500
005 20260127134131.0
008 060411 2000 xr 000 0 cze d
020 |a 8070804009 
035 |a vtls008690131 
039 9 |y 200604111045  |z mschk03 
040 |a STUSCHK1  |b slo  |c STUSCHK1  |e AACR2 
080 |a 664.1.001.24(075.8) 
245 1 |a Technologie sacharidů  |c Pavel, Kadlec a kol. 
260 |a Praha  |b Vydavatelství VŠCHT v Praze  |c 2000 
300 |a 138 s. 
650 0 |a sacharidy  |x technologie 
910 |a SCHK95 
919 |a 80-7080-400-9 
999 |c 4837  |d 4837